000 00314nam a22001337a 4500
008 181107b xxu||||| |||| 00| 0 eng d
020 _a9780781718691
041 _aeng
080 _a616.07
100 _a5
101 _aEKX
245 _aPhysical Examination SAnd History Taking
_cLyn.S.D
942 _2udc
_cBK
999 _c52108
_d52108